Elton John Song Initials - Statistics

General Stats
  • This quiz has been taken 461 times
  • The average score is 9 of 20
Answer Stats
initials year song % Correct
YS 1971 Your Song
88%
CR 1972 Crocodile Rock
85%
RM 1972 Rocket Man
81%
GYBR 1973 Goodbye Yellow Brick Road
78%
DLTSGDOM 1974 Don't Let The Sun Go Down On Me
66%
TBIB 1974 The Bitch Is Back
53%
CITW 1987 Candle in the Wind
50%
SNAFF 1973 Saturday Night's Alfright For Fighting
49%
DGBMH 1976 Don't Go Breaking My Heart
46%
IGTWTCITB 1983 I Guess That's Why They Call It the Blues
41%
PF 1975 Philadelphia Freedom
38%
SSTBTHW 1976 Sorry Seems to Be the Hardest Word
34%
LJ 1980 Little Jeannie
33%
SS(SSM) 1984 Sad Songs (Say So Much)
30%
SSMLT 1975 Someone Saved My Life Tonight
29%
IG 1975 Island Girl
22%
PW 1976 Pinball Wizard
19%
LITSWD 1974 Lucy in the Sky With Diamonds
18%
BE 1982 Blue Eyes
15%
SFG 1978 Song For Guy
13%
No matching quizzes found
Score Distribution
Percent of People with Each Score
Percentile by Number Answered
Your Score History
You have not taken this quiz